La responsabilidad del artista: las vanguardias, entre el terror y la razón

Salvato in:
Dettagli Bibliografici
Autore principale: Clair, Jean (Autore)
Natura: Libro
Lingua:spagnolo
Pubblicazione: Madrid Visor 2000
Edizione:2a. ed
Serie:La Balsa de la Medusa, 92
Soggetti:
Tags: Aggiungi Tag
Nessun Tag, puoi essere il primo ad aggiungerne!!

MARC

LEADER 00000nam a2200000 a 4500
001 UCJ1009
003 CL-VaPUC
008 060929e20000000SP |||||||||||||||||spa|d
020 |a 8477745927 
082 0 4 |a 701.17  |b CLA  |2 21 
100 0 |a Clair, Jean  |e author  |9 501535 
245 1 3 |a La responsabilidad del artista: las vanguardias, entre el terror y la razón 
250 |a 2a. ed 
300 |a 126 p 
942 |c BK 
945 |d 20060929 00:00:00  |a cmena 
260 |a Madrid  |b Visor  |c 2000 
650 0 |a Filosofía del arte  |9 264951 
650 0 |a Estética   |9 264950 
650 0 |a Filosofía francesa   |9 255698 
583 |a last modification  |c 20060929 00:00:00  |k Rodrigo Vera 
490 0 |a La Balsa de la Medusa, 92 
999 |c 317742  |d 317740 
952 |0 0  |1 0  |4 0  |6 701_170000000000000_CLA_2000  |7 0  |8 A  |9 394638  |a BIBART  |b BIBART  |d 2019-11-22  |i 4203666  |o 701.17 CLA 2000  |p 4203666  |r 2025-03-13  |w 2019-11-22  |y BK  |k ART